[Event "EYCC 2024 - G14"]
[Site "?"]
[Date "2024.08.22"]
[Round "1.11"]
[White "Bashirli, Saadat"]
[Black "Thornton, Hayley"]
[Result "1-0"]
[BlackElo "1614"]
[WhiteElo "1894"]
[LiveChessVersion "1.4.8"]

1. d4 {[%clk 1:30:58]} d5 {[%clk 1:30:56]} 2. c4 {[%clk 1:31:16]} e6
{[%clk 1:31:21]} 3. Nc3 {[%clk 1:31:39]} c5 {[%clk 1:31:47]} 4. cxd5
{[%clk 1:31:57]} cxd4 {[%clk 1:32:11]} 5. Qa4+ {[%clk 1:29:51]} Bd7
{[%clk 1:31:20]} 6. Qxd4 {[%clk 1:30:05]} exd5 {[%clk 1:15:55]} 7. Qxd5
{[%clk 1:25:03]} Nc6 {[%clk 1:16:05]} 8. Bg5 {[%clk 1:22:05]} Nf6
{[%clk 1:12:49]} 9. Qd2 {[%clk 1:18:56]} Be7 {[%clk 1:12:27]} 10. Rd1
{[%clk 1:08:28]} Be6 {[%clk 0:56:59]} 11. Qxd8+ {[%clk 1:05:25]} Rxd8
{[%clk 0:54:30]} 12. Rxd8+ {[%clk 1:03:20]} Bxd8 {[%clk 0:53:34]} 13. e3
{[%clk 0:52:26]} Ba5 {[%clk 0:52:27]} 14. Bxf6 {[%clk 0:50:05]} gxf6
{[%clk 0:52:48]} 15. a3 {[%clk 0:49:57]} a6 {[%clk 0:52:57]} 16. Nf3
{[%clk 0:43:50]} O-O {[%clk 0:51:03]} 17. Bd3 {[%clk 0:36:39]} Rd8
{[%clk 0:37:43]} 18. Ke2 {[%clk 0:35:37]} Kf8 {[%clk 0:33:27]} 19. Rc1
{[%clk 0:32:26]} Ke7 {[%clk 0:32:23]} 20. b4 {[%clk 0:28:43]} Bc7
{[%clk 0:32:32]} 21. Na4 {[%clk 0:27:22]} Bg4 {[%clk 0:27:09]} 22. h3
{[%clk 0:25:32]} Be6 {[%clk 0:27:23]} 23. Nc5 {[%clk 0:20:53]} Bc8
{[%clk 0:19:48]} 24. Nxa6 {[%clk 0:17:58]} Bd6 {[%clk 0:19:35]} 25. Nc5
{[%clk 0:17:37]} h6 {[%clk 0:19:47]} 26. Nb3 {[%clk 0:14:13]} Rg8
{[%clk 0:19:38]} 27. g4 {[%clk 0:12:04]} Bd7 {[%clk 0:16:53]} 28. Nbd4
{[%clk 0:10:22]} Ra8 {[%clk 0:15:00]} 29. Rc3 {[%clk 0:10:13]} Rc8
{[%clk 0:13:58]} 30. Nxc6+ {[%clk 0:09:36]} bxc6 {[%clk 0:14:14]} 31. Nd2
{[%clk 0:06:39]} Be5 {[%clk 0:14:08]} 32. Rc2 {[%clk 0:06:39]} Ra8
{[%clk 0:14:24]} 33. Nc4 {[%clk 0:06:50]} Bc7 {[%clk 0:14:36]} 34. Be4
{[%clk 0:06:03]} Ra6 {[%clk 0:11:14]} 35. Rc3 {[%clk 0:05:15]} Be6
{[%clk 0:11:30]} 36. Bd3 {[%clk 0:05:19]} Bb8 {[%clk 0:11:11]} 37. Na5
{[%clk 0:05:27]} Rb6 {[%clk 0:11:21]} 38. Rxc6 {[%clk 0:05:34]} 1-0

[Event "EYCC 2024 - G14"]
[Site "?"]
[Date "2024.08.22"]
[Round "1.12"]
[White "Strazhnyk, Viktoriia"]
[Black "Haasova, Timea"]
[Result "1/2-1/2"]
[BlackElo "1890"]
[WhiteElo "1613"]
[LiveChessVersion "1.4.8"]

1. e4 {[%clk 1:30:55]} c5 {[%clk 1:30:51]} 2. Nf3 {[%clk 1:31:21]} e6
{[%clk 1:31:14]} 3. d4 {[%clk 1:31:47]} cxd4 {[%clk 1:31:36]} 4. Nxd4
{[%clk 1:32:04]} Nf6 {[%clk 1:31:57]} 5. Nc3 {[%clk 1:32:19]} Nc6
{[%clk 1:32:13]} 6. f3 {[%clk 1:31:24]} Bb4 {[%clk 1:28:13]} 7. Be3
{[%clk 1:31:11]} d5 {[%clk 1:13:33]} 8. Nxc6 {[%clk 1:25:22]} bxc6
{[%clk 1:13:32]} 9. a3 {[%clk 1:21:52]} Bxc3+ {[%clk 1:09:37]} 10. bxc3
{[%clk 1:21:10]} dxe4 {[%clk 0:59:13]} 11. Qxd8+ {[%clk 1:17:29]} Kxd8
{[%clk 0:59:39]} 12. O-O-O+ {[%clk 1:17:52]} Kc7 {[%clk 0:46:34]} 13. Bf4+
{[%clk 1:11:35]} Kb6 {[%clk 0:42:38]} 14. a4 {[%clk 1:10:45]} Nd5
{[%clk 0:34:07]} 15. Be5 {[%clk 1:02:43]} exf3 {[%clk 0:26:22]} 16. gxf3
{[%clk 0:58:39]} f6 {[%clk 0:25:16]} 17. Bd6 {[%clk 0:54:59]} Ba6
{[%clk 0:18:51]} 18. c4 {[%clk 0:53:37]} Ne3 {[%clk 0:18:01]} 19. c5+
{[%clk 0:53:44]} Kb7 {[%clk 0:18:07]} 20. Bxa6+ {[%clk 0:53:49]} Kxa6
{[%clk 0:18:29]} 21. Rde1 {[%clk 0:53:47]} Nf5 {[%clk 0:11:38]} 22. Rxe6
{[%clk 0:53:45]} Rhe8 {[%clk 0:08:05]} 23. Rhe1 {[%clk 0:53:39]} Nxd6
{[%clk 0:06:58]} 24. cxd6 {[%clk 0:53:58]} Rxe6 {[%clk 0:07:09]} 25. Rxe6
{[%clk 0:54:22]} Rd8 {[%clk 0:06:51]} 26. Kb2 {[%clk 0:52:34]} Kb6
{[%clk 0:06:02]} 27. Kc3 {[%clk 0:52:49]} Kc5 {[%clk 0:03:20]} 28. Re7
{[%clk 0:50:23]} Kxd6 {[%clk 0:03:33]} 29. Rxg7 {[%clk 0:47:38]} Rd7
{[%clk 0:03:11]} 30. Rg1 {[%clk 0:48:01]} Kc5 {[%clk 0:03:17]} 31. Rg4
{[%clk 0:47:47]} a6 {[%clk 0:02:52]} 32. Rf4 {[%clk 0:47:53]} Rf7
{[%clk 0:01:45]} 33. Rf5+ {[%clk 0:47:45]} Kd6 {[%clk 0:01:49]} 34. Kc4
{[%clk 0:47:39]} Rf8 {[%clk 0:01:17]} 1/2-1/2

[Event "EYCC 2024 - G14"]
[Site "?"]
[Date "2024.08.22"]
[Round "1.13"]
[White "Valente, Sofia"]
[Black "Barteckova, Valerie"]
[Result "1-0"]
[BlackElo "1612"]
[WhiteElo "1888"]
[LiveChessVersion "1.4.8"]

1. d4 {[%clk 1:30:57]} d5 {[%clk 1:30:52]} 2. c4 {[%clk 1:31:07]} c6
{[%clk 1:31:00]} 3. Nf3 {[%clk 1:30:45]} dxc4 {[%clk 1:30:59]} 4. e3
{[%clk 1:29:43]} Bf5 {[%clk 1:23:09]} 5. Bxc4 {[%clk 1:29:36]} e6
{[%clk 1:22:29]} 6. Nc3 {[%clk 1:28:52]} Nf6 {[%clk 1:21:12]} 7. O-O
{[%clk 1:25:44]} Bb4 {[%clk 1:16:00]} 8. Qb3 {[%clk 1:22:15]} Qe7
{[%clk 1:10:08]} 9. Ne5 {[%clk 1:20:32]} O-O {[%clk 1:06:28]} 10. a3
{[%clk 1:19:25]} Bd6 {[%clk 0:58:18]} 11. f3 {[%clk 1:14:49]} b5 {[%clk 0:53:11]}
12. Be2 {[%clk 1:14:15]} Bxe5 {[%clk 0:51:11]} 13. dxe5 {[%clk 1:14:30]} Nfd7
{[%clk 0:48:29]} 14. e4 {[%clk 1:14:03]} Bg6 {[%clk 0:46:58]} 15. f4
{[%clk 1:12:41]} Nc5 {[%clk 0:37:43]} 16. Qc2 {[%clk 1:12:07]} h6
{[%clk 0:35:18]} 17. b4 {[%clk 1:11:28]} Ncd7 {[%clk 0:33:45]} 18. Bb2
{[%clk 1:08:27]} a6 {[%clk 0:29:23]} 19. Rad1 {[%clk 1:06:00]} c5
{[%clk 0:26:37]} 20. f5 {[%clk 1:02:29]} cxb4 {[%clk 0:24:07]} 21. axb4
{[%clk 1:01:47]} Bh7 {[%clk 0:17:34]} 22. Qc1 {[%clk 0:42:29]} Rc8
{[%clk 0:10:36]} 23. Nd5 {[%clk 0:40:46]} exd5 {[%clk 0:06:41]} 24. Qxc8+
{[%clk 0:41:04]} Nf8 {[%clk 0:07:03]} 25. Rxd5 {[%clk 0:39:50]} Qxb4
{[%clk 0:05:33]} 26. Bc3 {[%clk 0:37:42]} Qxe4 {[%clk 0:03:26]} 27. Rd8
{[%clk 0:35:30]} Nbd7 {[%clk 0:03:21]} 28. Qxa8 {[%clk 0:35:38]} Qe3+
{[%clk 0:01:30]} 29. Rf2 {[%clk 0:34:47]} Qxc3 {[%clk 0:01:26]} 30. Rxd7
{[%clk 0:34:17]} Qxe5 {[%clk 0:01:27]} 31. Rd8 {[%clk 0:33:45]} Qa1+
{[%clk 0:01:26]} 32. Bf1 {[%clk 0:32:22]} Qa3 {[%clk 0:01:42]} 33. Bxb5
{[%clk 0:31:33]} Qc1+ {[%clk 0:01:40]} 34. Bf1 {[%clk 0:31:56]} Qc5
{[%clk 0:01:42]} 35. Rxf8+ {[%clk 0:32:18]} 1-0

[Event "EYCC 2024 - G14"]
[Site "?"]
[Date "2024.08.22"]
[Round "1.14"]
[White "Lindholm, Linnea Reinfjord"]
[Black "Krkyasharyan, Sona"]
[Result "0-1"]
[BlackElo "1884"]
[WhiteElo "1608"]
[LiveChessVersion "1.4.8"]

1. e4 {[%clk 1:30:57]} c5 {[%clk 1:30:59]} 2. Nf3 {[%clk 1:31:15]} d6
{[%clk 1:31:26]} 3. d4 {[%clk 1:31:33]} cxd4 {[%clk 1:31:50]} 4. Nxd4
{[%clk 1:31:57]} Nf6 {[%clk 1:32:15]} 5. Nc3 {[%clk 1:32:04]} a6 {[%clk 1:32:40]}
6. Be2 {[%clk 1:32:00]} e5 {[%clk 1:33:03]} 7. Nf3 {[%clk 1:31:01]} Be7
{[%clk 1:33:27]} 8. O-O {[%clk 1:28:55]} O-O {[%clk 1:30:11]} 9. h3
{[%clk 1:23:39]} Be6 {[%clk 1:30:11]} 10. Be3 {[%clk 1:22:45]} h6
{[%clk 1:30:34]} 11. Re1 {[%clk 1:21:13]} Nbd7 {[%clk 1:30:52]} 12. a3
{[%clk 1:18:00]} Rc8 {[%clk 1:30:10]} 13. Bd3 {[%clk 1:08:33]} b5
{[%clk 1:29:27]} 14. Ne2 {[%clk 1:02:17]} Nc5 {[%clk 1:28:01]} 15. Ng3
{[%clk 1:00:26]} Qc7 {[%clk 1:27:47]} 16. b4 {[%clk 0:55:12]} Na4
{[%clk 1:26:32]} 17. Qc1 {[%clk 0:39:06]} Nc3 {[%clk 1:22:32]} 18. Bd2
{[%clk 0:38:07]} Rfd8 {[%clk 1:18:47]} 19. Re3 {[%clk 0:30:49]} Na4
{[%clk 1:16:05]} 20. Qe1 {[%clk 0:25:56]} Nb6 {[%clk 1:14:28]} 21. Nh4
{[%clk 0:19:38]} d5 {[%clk 1:09:38]} 22. Nhf5 {[%clk 0:16:18]} Bxf5
{[%clk 1:04:42]} 23. Nxf5 {[%clk 0:16:40]} dxe4 {[%clk 1:05:05]} 24. Be2
{[%clk 0:12:07]} Bf8 {[%clk 1:03:56]} 25. Rg3 {[%clk 0:11:18]} Kh8
{[%clk 1:03:48]} 26. Bd1 {[%clk 0:10:36]} Qd7 {[%clk 1:01:59]} 27. Be3
{[%clk 0:11:05]} Nbd5 {[%clk 0:59:27]} 28. Nh4 {[%clk 0:08:19]} Nxe3
{[%clk 0:55:25]} 29. Qxe3 {[%clk 0:08:25]} g5 {[%clk 0:52:27]} 30. Bg4
{[%clk 0:08:03]} Nxg4 {[%clk 0:52:28]} 31. Rxg4 {[%clk 0:08:32]} gxh4
{[%clk 0:52:08]} 32. Qxe4 {[%clk 0:09:01]} f5 {[%clk 0:51:40]} 33. Qxe5+
{[%clk 0:06:07]} Bg7 {[%clk 0:51:23]} 34. Qf4 {[%clk 0:06:04]} fxg4
{[%clk 0:51:45]} 35. Rc1 {[%clk 0:06:28]} g3 {[%clk 0:51:23]} 36. Qxh4
{[%clk 0:05:47]} Qd1+ {[%clk 0:51:23]} 0-1